[Event "Sao Paulo Communic 4th"]
[Site "Sao Paulo"]
[Date "2004.??.??"]
[Round "9"]
[White "Abreu Delgado, Aryam"]
[Black "Rodriguez Vila, Andres"]
[Result "0-1"]
[WhiteElo "2424"]
[BlackElo "2485"]
[PlyCount "118"]
[EventDate "2004.02.04"]
[EventType "tourn"]
[EventRounds "9"]
[EventCountry "BRA"]
[EventCategory "4"]
[SourceTitle "CBM 098 Extra"]
[Source "ChessBase"]
[SourceDate "2004.03.10"]
[SourceVersion "2"]
[SourceVersionDate "2004.03.10"]
[SourceQuality "1"]

1. d4 e6 2. Nf3 Nf6 3. c4 c5 4. g3 cxd4 5. Nxd4 Qc7 6. b3 Nc6 7. Bg2 d5 8. Nxc6
bxc6 9. Qc2 Bb4+ 10. Bd2 Bc5 11. O-O Ba6 12. Nc3 O-O 13. Na4 Bd6 14. Rac1 Rac8
15. Bc3 e5 16. Bb2 d4 17. e4 c5 18. Rcd1 Bb7 19. Bc1 Bc6 20. Nb2 a5 21. Rde1
Rfe8 22. f4 Qb7 23. f5 Ra8 24. Na4 Reb8 25. Qe2 Bf8 26. g4 Nd7 27. g5 f6 28.
Rf3 fxg5 29. Bxg5 Bxa4 30. bxa4 Qb2 31. Qd1 Qxa2 32. Rg3 Ra6 33. Kh1 Nf6 34.
Rg1 Rb2 35. Bxf6 Rxf6 36. Qh5 Qxa4 37. Bf3 Rbb6 38. Qh4 Qd7 39. Bh5 Rh6 40. Qg5
a4 41. Bd1 d3 42. Qd2 Rbd6 43. Qa5 Qb7 44. Qxa4 Rd7 45. Bg4 Ra6 46. Qd1 Qxe4+
47. Bf3 Qxc4 48. Qf1 Qf7 49. Be4 c4 50. Qh3 Rf6 51. Rd1 Rd4 52. Bf3 Rxf5 53.
Rdg1 d2 54. Bd1 Qd5+ 55. R3g2 e4 56. Qe3 Rd3 57. Qb6 c3 58. Bg4 d1=Q 59. Bxf5
Qxg1+ 0-1

[Event "Sao Paulo Communic 5th"]
[Site "Sao Paulo"]
[Date "2004.02.12"]
[Round "1"]
[White "Rodriguez Vila, Andres"]
[Black "Tsuboi, Edson Kenji"]
[Result "1-0"]
[WhiteElo "2485"]
[BlackElo "2344"]
[PlyCount "81"]
[EventDate "2004.02.12"]
[EventType "tourn"]
[EventRounds "9"]
[EventCountry "BRA"]
[EventCategory "5"]
[SourceTitle "CBM 098 Extra"]
[Source "ChessBase"]
[SourceDate "2004.03.10"]
[SourceVersion "2"]
[SourceVersionDate "2004.03.10"]
[SourceQuality "1"]

1. e4 c5 2. Nc3 Nc6 3. g3 g6 4. Bg2 Bg7 5. f4 d6 6. d3 Nf6 7. Nf3 O-O 8. Be3
Rb8 9. h3 b5 10. Qd2 b4 11. Ne2 d5 12. e5 Nd7 13. d4 Nb6 14. b3 c4 15. O-O f5
16. exf6 exf6 17. g4 Rb7 18. Ng3 Re7 19. f5 Rfe8 20. Rae1 Ba6 21. fxg6 hxg6 22.
Rf2 Qd6 23. Nf1 Kh7 24. h4 c3 25. Qc1 Bxf1 26. Rfxf1 Qg3 27. g5 f5 28. Bf2 Rxe1
29. Rxe1 Rxe1+ 30. Qxe1 Qf4 31. h5 Nxd4 32. hxg6+ Kxg6 33. Qe8+ Kh7 34. g6+ Kh6
35. Be3 Nxf3+ 36. Kh1 Qxe3 37. Qxe3+ Ng5 38. Qe7 f4 39. Qxa7 Bd4 40. g7 Kh7 41.
Qe7 1-0

[Event "Sao Paulo Communic 5th"]
[Site "Sao Paulo"]
[Date "2004.02.13"]
[Round "2"]
[White "Rodriguez Vila, Andres"]
[Black "Santos, Marcus Vinicius M"]
[Result "1-0"]
[WhiteElo "2485"]
[BlackElo "2311"]
[PlyCount "81"]
[EventDate "2004.02.12"]
[EventType "tourn"]
[EventRounds "9"]
[EventCountry "BRA"]
[EventCategory "5"]
[SourceTitle "CBM 098 Extra"]
[Source "ChessBase"]
[SourceDate "2004.03.10"]
[SourceVersion "2"]
[SourceVersionDate "2004.03.10"]
[SourceQuality "1"]

1. e4 e5 2. Nf3 Nc6 3. Bc4 Nf6 4. d3 Be7 5. O-O O-O 6. Re1 d6 7. c3 Na5 8. Bb5
a6 9. Ba4 c5 10. Nbd2 b5 11. Bc2 Re8 12. Nf1 Bb7 13. Ng3 Bf8 14. Nf5 h6 15. h3
d5 16. Qe2 c4 17. dxc4 dxe4 18. Nd2 Qc8 19. Ne3 Qc6 20. cxb5 axb5 21. Ng4 b4
22. Nxf6+ Qxf6 23. cxb4 Bxb4 24. a3 Nc6 25. Qxe4 Nd4 26. Qh7+ Kf8 27. Be4 Bc8
28. Bxa8 Bf5 29. Ne4 Bxh7 30. Nxf6 Bxe1 31. Nxe8 Nb3 32. Nxg7 Nxa1 33. Bxh6 Ke7
34. Nh5 Nb3 35. Bg5+ Ke6 36. Nf6 Bd3 37. Bd5+ Kf5 38. h4 Nd4 39. Bxf7 e4 40.
Bh5 Ne2+ 41. Kf1 1-0

[Event "Sao Paulo Communic 5th"]
[Site "Sao Paulo"]
[Date "2004.02.13"]
[Round "3"]
[White "Cruz, Alfredo"]
[Black "Rodriguez Vila, Andres"]
[Result "0-1"]
[WhiteElo "2244"]
[BlackElo "2485"]
[PlyCount "80"]
[EventDate "2004.02.12"]
[EventType "tourn"]
[EventRounds "9"]
[EventCountry "BRA"]
[EventCategory "5"]
[SourceTitle "CBM 098 Extra"]
[Source "ChessBase"]
[SourceDate "2004.03.10"]
[SourceVersion "2"]
[SourceVersionDate "2004.03.10"]
[SourceQuality "1"]

1. d4 d6 2. Nc3 g6 3. e4 Nd7 4. Bc4 Bg7 5. Nf3 e6 6. Bg5 Ne7 7. e5 d5 8. Bxd5
exd5 9. Nxd5 Bf8 10. Nf6+ Nxf6 11. exf6 Nf5 12. O-O Bh6 13. Re1+ Kf8 14. h4
Bxg5 15. hxg5 h6 16. Qd2 hxg5 17. Qxg5 Rh5 18. Qf4 Qd6 19. Re5 Qxf6 20. Rae1
Kg7 21. Re8 Qd6 22. Qe4 Nh6 23. c4 Ng4 24. c5 Qf6 25. Qe7 Qxe7 26. R1xe7 Nf6
27. Rd8 Rd5 28. Rxd5 Nxd5 29. Re8 b6 30. Re1 Bb7 31. Rc1 Re8 32. cxb6 axb6 33.
a4 Re2 34. b4 Ra2 35. a5 bxa5 36. bxa5 Rxa5 37. Ne5 Ra4 38. Rb1 Rb4 39. Rd1 Nf4
40. d5 Nxd5 0-1

[Event "Sao Paulo Communic 5th"]
[Site "Sao Paulo"]
[Date "2004.02.14"]
[Round "4"]
[White "Rodriguez Vila, Andres"]
[Black "Abreu Delgado, Aryam"]
[Result "1/2-1/2"]
[WhiteElo "2485"]
[BlackElo "2424"]
[PlyCount "48"]
[EventDate "2004.02.12"]
[EventType "tourn"]
[EventRounds "9"]
[EventCountry "BRA"]
[EventCategory "5"]
[SourceTitle "CBM 098 Extra"]
[Source "ChessBase"]
[SourceDate "2004.03.10"]
[SourceVersion "2"]
[SourceVersionDate "2004.03.10"]
[SourceQuality "1"]

1. e4 c5 2. Ne2 d6 3. g3 Nc6 4. Bg2 g6 5. O-O Bg7 6. c3 e5 7. d3 Nge7 8. Be3
O-O 9. Qd2 Be6 10. Rd1 Qc7 11. Bh6 d5 12. Bxg7 Kxg7 13. exd5 Bxd5 14. Bxd5 Nxd5
15. d4 cxd4 16. cxd4 Rad8 17. Nbc3 exd4 18. Nxd4 Nde7 19. Ncb5 Nxd4 20. Nxd4
Rd5 21. Qe2 Rfd8 22. Nb5 Rxd1+ 23. Rxd1 Rxd1+ 24. Qxd1 Qc5 1/2-1/2

[Event "Sao Paulo Communic 5th"]
[Site "Sao Paulo"]
[Date "2004.02.15"]
[Round "5"]
[White "Vera, I Jorge"]
[Black "Rodriguez Vila, Andres"]
[Result "1/2-1/2"]
[WhiteElo "2338"]
[BlackElo "2485"]
[PlyCount "105"]
[EventDate "2004.02.12"]
[EventType "tourn"]
[EventRounds "9"]
[EventCountry "BRA"]
[EventCategory "5"]
[SourceTitle "CBM 098 Extra"]
[Source "ChessBase"]
[SourceDate "2004.03.10"]
[SourceVersion "2"]
[SourceVersionDate "2004.03.10"]
[SourceQuality "1"]

1. d4 f5 2. Nc3 d5 3. Bg5 g6 4. Nf3 Nh6 5. e3 c6 6. h4 Nf7 7. Bf4 Bg7 8. Bd3
Nd7 9. h5 e5 10. hxg6 hxg6 11. Rxh8+ Bxh8 12. dxe5 Ndxe5 13. Nxe5 Nxe5 14. Qd2
Qf6 15. O-O-O Be6 16. Bxe5 Qxe5 17. Rh1 O-O-O 18. Nd1 d4 19. exd4 Qd5 20. Nc3
Qxg2 21. Re1 Bg8 22. Qf4 Bxd4 23. Bxf5+ gxf5 24. Qxf5+ Kc7 25. Re7+ Kd6 26.
Rxb7 Qh1+ 27. Kd2 Bxc3+ 28. Kxc3 Qe1+ 29. Kd3 Be6 30. Qg5 Qf1+ 31. Kc3 Qe1+ 32.
Kd3 Qd1+ 33. Kc3 Qf3+ 34. Kb4 a5+ 35. Qxa5 Qe4+ 36. Ka3 Rf8 37. Qc7+ Kd5 38.
Qa5+ c5 39. c3 Qe1 40. Rb4 Rc8 41. Rb6 Qe4 42. Qa6 Re8 43. f4 Qxf4 44. Qb7+ Ke5
45. Qc7+ Kf5 46. Qxc5+ Kf6 47. Qc6 Re7 48. Rb4 Ra7+ 49. Ra4 Rxa4+ 50. Qxa4 Qd6+
51. Qb4 Qa6+ 52. Qa4 Qd6+ 53. Qb4 1/2-1/2

[Event "Sao Paulo Communic 5th"]
[Site "Sao Paulo"]
[Date "2004.02.15"]
[Round "6"]
[White "Rodriguez Vila, Andres"]
[Black "Giaccio, Alfredo Gustavo"]
[Result "1/2-1/2"]
[WhiteElo "2485"]
[BlackElo "2470"]
[PlyCount "107"]
[EventDate "2004.02.12"]
[EventType "tourn"]
[EventRounds "9"]
[EventCountry "BRA"]
[EventCategory "5"]
[SourceTitle "CBM 098 Extra"]
[Source "ChessBase"]
[SourceDate "2004.03.10"]
[SourceVersion "2"]
[SourceVersionDate "2004.03.10"]
[SourceQuality "1"]

1. e4 e6 2. Qe2 Be7 3. Nf3 d5 4. d3 Nf6 5. g3 b5 6. Bg2 dxe4 7. dxe4 b4 8. Nbd2
Ba6 9. Nc4 O-O 10. b3 Nc6 11. Bb2 Bb5 12. O-O Qc8 13. Rfe1 Qa6 14. Bf1 Na5 15.
Nfd2 Nxc4 16. Nxc4 Bxc4 17. Qxc4 Qxc4 18. Bxc4 Rfd8 19. Re2 a5 20. Kg2 Nd7 21.
a4 c6 22. f4 Nb6 23. Bd3 Bc5 24. Kf3 Bd4 25. Bxd4 Rxd4 26. Ke3 c5 27. Rd2 Rad8
28. Rad1 f6 29. h4 g6 30. Bb5 Rxd2 31. Rxd2 Rxd2 32. Kxd2 e5 33. c3 Nc8 34.
cxb4 cxb4 35. Bc4+ Kg7 36. Ke3 Nd6 37. Bd5 Nc8 38. g4 Nd6 39. g5 h6 40. Kf3
hxg5 41. hxg5 Nf7 42. gxf6+ Kxf6 43. Bxf7 Kxf7 44. f5 gxf5 45. exf5 Ke7 46. Kg3
Kf6 47. Kg4 e4 48. Kf4 e3 49. Kxe3 Kxf5 50. Kd4 Kf4 51. Kc4 Ke4 52. Kb5 Kd4 53.
Kxa5 Kc3 54. Kb6 1/2-1/2

[Event "Sao Paulo Communic 5th"]
[Site "Sao Paulo"]
[Date "2004.02.16"]
[Round "7"]
[White "Dumont, Sadi Glasser"]
[Black "Rodriguez Vila, Andres"]
[Result "0-1"]
[WhiteElo "2341"]
[BlackElo "2485"]
[PlyCount "92"]
[EventDate "2004.02.12"]
[EventType "tourn"]
[EventRounds "9"]
[EventCountry "BRA"]
[EventCategory "5"]
[SourceTitle "CBM 098 Extra"]
[Source "ChessBase"]
[SourceDate "2004.03.10"]
[SourceVersion "2"]
[SourceVersionDate "2004.03.10"]
[SourceQuality "1"]

1. e4 e6 2. d3 d5 3. Nd2 Nf6 4. Ngf3 Bc5 5. Be2 O-O 6. O-O b6 7. c3 Ba6 8. e5
Nfd7 9. a4 Be7 10. b4 d4 11. b5 dxc3 12. Ne4 Bb7 13. Nxc3 a6 14. Rb1 axb5 15.
axb5 Qc8 16. d4 Rd8 17. Bd3 Nf8 18. Be3 Nbd7 19. Ne4 Ra3 20. Rb3 Rxb3 21. Qxb3
Bd5 22. Qc2 Qb7 23. Rc1 Rc8 24. Nfd2 c5 25. bxc6 Rxc6 26. Qd1 Rxc1 27. Qxc1 b5
28. Nc3 Bxg2 29. Nxb5 Bc6 30. Qb1 Ng6 31. Nd6 Qxb1+ 32. Bxb1 Bxd6 33. exd6 Kf8
34. Bxg6 hxg6 35. Nb3 Nb6 36. Nc5 Ke8 37. h3 Nc8 38. Bf4 Na7 39. Be5 f6 40.
Nxe6 fxe5 41. dxe5 Bd7 42. Nc5 Bxh3 43. e6 Nc6 44. Kh2 Bf5 45. Kg3 Nd8 46. e7
Nf7 0-1

[Event "Sao Paulo CXSP op"]
[Site "Sao Paulo"]
[Date "2004.05.09"]
[Round "4"]
[White "Crosa Coll, Martin"]
[Black "Rodriguez Vila, Andres"]
[Result "0-1"]
[WhiteElo "2395"]
[BlackElo "2556"]
[PlyCount "60"]
[EventDate "2004.05.07"]
[EventType "swiss"]
[EventRounds "9"]
[EventCountry "BRA"]
[SourceTitle "CBM 100 Extra"]
[Source "ChessBase"]
[SourceDate "2004.07.06"]
[SourceVersion "2"]
[SourceVersionDate "2004.07.06"]
[SourceQuality "1"]

1. e4 e6 2. d4 d5 3. e5 c5 4. c3 Bd7 5. Nf3 Nc6 6. a3 Qb6 7. b4 cxd4 8. cxd4
Rc8 9. Bb2 Nge7 10. Nbd2 Nf5 11. Nb3 a5 12. b5 a4 13. g4 Nd8 14. Qd3 axb3 15.
gxf5 Qa5+ 16. Qd2 Qa4 17. Bd3 Bxb5 18. O-O Bxd3 19. Qxd3 Rc2 20. Rfb1 Qc4 21.
Qe3 exf5 22. Nd2 Qa6 23. Bc3 Be7 24. Rxb3 Ne6 25. Nf3 f4 26. Qe1 Qd3 27. Qd1
Qg6+ 28. Kf1 Qe4 29. Nd2 Qd3+ 30. Qe2 Rxd2 0-1

[Event "Sao Paulo CXSP op"]
[Site "Sao Paulo"]
[Date "2004.05.10"]
[Round "5"]
[White "Rodriguez Vila, Andres"]
[Black "Matsuura, Everaldo"]
[Result "1-0"]
[WhiteElo "2556"]
[BlackElo "2473"]
[PlyCount "67"]
[EventDate "2004.05.07"]
[EventType "swiss"]
[EventRounds "9"]
[EventCountry "BRA"]
[SourceTitle "CBM 100 Extra"]
[Source "ChessBase"]
[SourceDate "2004.07.06"]
[SourceVersion "2"]
[SourceVersionDate "2004.07.06"]
[SourceQuality "1"]

1. e4 c5 2. Nc3 Nc6 3. g3 g6 4. d3 Bg7 5. Bg2 d6 6. f4 e6 7. Nf3 Nge7 8. O-O
O-O 9. Be3 Nd4 10. e5 Nef5 11. Bf2 Nxf3+ 12. Bxf3 Nd4 13. Bg2 dxe5 14. fxe5
Bxe5 15. Ne4 f5 16. Nxc5 Qc7 17. b4 Qg7 18. Rc1 f4 19. c3 f3 20. cxd4 fxg2 21.
Kxg2 Bxd4 22. Bxd4 Rxf1 23. Bxg7 Rxd1 24. Rxd1 Kxg7 25. Rc1 Kf6 26. Ne4+ Ke5
27. Rc7 b6 28. Kf3 Kd4 29. Nd6 Ba6 30. b5 Kd5 31. bxa6 Kxd6 32. Rxh7 Rc8 33.
Rxa7 Rc2 34. Ra8 1-0

[Event "Sao Paulo CXSP op"]
[Site "Sao Paulo"]
[Date "2004.05.11"]
[Round "6"]
[White "Leitao, Rafael Duailibe"]
[Black "Rodriguez Vila, Andres"]
[Result "1/2-1/2"]
[WhiteElo "2564"]
[BlackElo "2556"]
[PlyCount "39"]
[EventDate "2004.05.07"]
[EventType "swiss"]
[EventRounds "9"]
[EventCountry "BRA"]
[SourceTitle "CBM 100 Extra"]
[Source "ChessBase"]
[SourceDate "2004.07.06"]
[SourceVersion "2"]
[SourceVersionDate "2004.07.06"]
[SourceQuality "1"]

1. d4 e6 2. c4 Bb4+ 3. Bd2 Qe7 4. g3 Nc6 5. Nf3 Nf6 6. Nc3 Bxc3 7. Bxc3 Ne4 8.
Rc1 d6 9. Bg2 a5 10. d5 Nxc3 11. Rxc3 Nd8 12. O-O e5 13. c5 O-O 14. cxd6 cxd6
15. Qc2 Bd7 16. Rc7 f5 17. Ng5 e4 18. Bh3 Qxg5 19. Rxd7 Nf7 20. Rc1 1/2-1/2

[Event "Sao Paulo CXSP op"]
[Site "Sao Paulo"]
[Date "2004.05.13"]
[Round "8"]
[White "Pelikian, Jefferson"]
[Black "Rodriguez Vila, Andres"]
[Result "1-0"]
[WhiteElo "2407"]
[BlackElo "2556"]
[PlyCount "115"]
[EventDate "2004.05.07"]
[EventType "swiss"]
[EventRounds "9"]
[EventCountry "BRA"]
[SourceTitle "CBM 100 Extra"]
[Source "ChessBase"]
[SourceDate "2004.07.06"]
[SourceVersion "2"]
[SourceVersionDate "2004.07.06"]
[SourceQuality "1"]

1. e4 e6 2. d4 d5 3. e5 c5 4. c3 Bd7 5. Nf3 Nc6 6. a3 Qb6 7. b4 cxd4 8. cxd4
Rc8 9. Be3 Nh6 10. Bd3 Nf5 11. O-O Be7 12. Nbd2 g6 13. Rc1 a5 14. b5 Na7 15.
Rxc8+ Nxc8 16. a4 Nxe3 17. fxe3 O-O 18. h4 Qd8 19. h5 Nb6 20. Qc2 Kg7 21. hxg6
hxg6 22. Nb3 Qa8 23. Nc5 Qb8 24. Qc3 Qa7 25. Bc2 Rc8 26. Qe1 Rxc5 27. dxc5 Nc4
28. Bb3 Qxc5 29. Bxc4 dxc4 30. Qc3 Qb4 31. Qxb4 axb4 32. Nd2 c3 33. Nb3 b6 34.
Kf2 Bc8 35. e4 f5 36. exf6+ Kxf6 37. Ke3+ Ke5 38. Rf7 Kd6 39. Kd3 e5 40. Rg7 g5
41. a5 bxa5 42. Nxa5 Bd7 43. Rg6+ Kc5 44. b6 Bb5+ 45. Kc2 Ba4+ 46. Nb3+ Kc4 47.
b7 Bxb3+ 48. Kc1 Ba4 49. b8=Q b3 50. Qc7+ Kd3 51. Rd6+ Bxd6 52. Qxd6+ Kc4 53.
Qd5+ Kb4 54. Qxe5 b2+ 55. Kb1 Kb3 56. Qc5 Be8 57. Qb6+ Ka3 58. Kc2 1-0

[Event "Sao Paulo CXSP op"]
[Site "Sao Paulo"]
[Date "2004.05.14"]
[Round "9"]
[White "Rodriguez Vila, Andres"]
[Black "Burgos, Marcelo Alves"]
[Result "1-0"]
[WhiteElo "2556"]
[BlackElo "2168"]
[PlyCount "75"]
[EventDate "2004.05.07"]
[EventType "swiss"]
[EventRounds "9"]
[EventCountry "BRA"]
[SourceTitle "CBM 100 Extra"]
[Source "ChessBase"]
[SourceDate "2004.07.06"]
[SourceVersion "2"]
[SourceVersionDate "2004.07.06"]
[SourceQuality "1"]

1. e4 c6 2. f4 d5 3. e5 c5 4. Be2 Nc6 5. c3 Bf5 6. Nf3 e6 7. O-O Nh6 8. d3 Be7
9. h3 f6 10. g4 Bg6 11. exf6 gxf6 12. f5 Nxf5 13. gxf5 Bxf5 14. Nh4 Bxh3 15.
Rf3 Bg4 16. Re3 Bxe2 17. Qxe2 Kd7 18. Kh1 Qg8 19. Na3 Bd6 20. Nb5 Bg3 21. Bd2
h5 22. Rg1 Qg4 23. Rgxg3 Qxh4+ 24. Rh3 Qg4 25. Qh2 Ne5 26. d4 a6 27. dxe5 axb5
28. exf6 h4 29. a3 Raf8 30. Rhf3 Rh5 31. Qe2 c4 32. Qf2 e5 33. f7 Rg5 34. Re1
e4 35. Bxg5 Qxf3+ 36. Qxf3 exf3 37. Re7+ Kd6 38. Bxh4 1-0

[Event "Sao Paulo Communic 6th"]
[Site "Sao Paulo"]
[Date "2004.06.15"]
[Round "1"]
[White "Madeira, Wagner Martins"]
[Black "Rodriguez Vila, Andres"]
[Result "0-1"]
[WhiteElo "2263"]
[BlackElo "2556"]
[PlyCount "110"]
[EventDate "2004.06.15"]
[EventType "tourn"]
[EventRounds "9"]
[EventCountry "BRA"]
[EventCategory "5"]
[SourceTitle "CBM 100 Extra"]
[Source "ChessBase"]
[SourceDate "2004.07.06"]
[SourceVersion "2"]
[SourceVersionDate "2004.07.06"]
[SourceQuality "1"]

1. e4 e6 2. d4 d5 3. exd5 exd5 4. Nf3 Bg4 5. h3 Bh5 6. c3 Nc6 7. Be2 Qd7 8. Bf4
O-O-O 9. Nbd2 f6 10. b4 g5 11. Bg3 Bg6 12. O-O h5 13. b5 Nce7 14. Qa4 Kb8 15.
Nb3 Nf5 16. Nc5 Bxc5 17. dxc5 Nxg3 18. fxg3 Qe7 19. Nd4 Qxc5 20. Kh2 Rd6 21.
Rf3 Nh6 22. Re3 Be4 23. Rf1 Nf7 24. Qd1 Ne5 25. Bxh5 Nc4 26. Ree1 Nb2 27. Qd2
Na4 28. Bg4 Qxc3 29. Qf2 Bd3 30. Be2 Bg6 31. Bd1 Nc5 32. Qe3 Qxe3 33. Rxe3 Ne4
34. Bg4 a6 35. a4 Nc5 36. Bd1 Bd3 37. Rfe1 Be4 38. g4 Nd3 39. R1e2 Ne5 40. Kg3
Bd3 41. Rf2 Bc4 42. Bc2 Rb6 43. a5 Rd6 44. Rxf6 Rxf6 45. Rxe5 Rg8 46. bxa6 Rxa6
47. Nf3 Rxa5 48. Nxg5 Ra2 49. Bd1 b5 50. h4 Rd2 51. Bf3 b4 52. h5 b3 53. h6 b2
54. h7 Rh8 55. Re1 Rc2 0-1

[Event "Sao Paulo Communic 6th"]
[Site "Sao Paulo"]
[Date "2004.06.16"]
[Round "2"]
[White "Rodriguez Vila, Andres"]
[Black "Fernandez, Daniel"]
[Result "1-0"]
[WhiteElo "2556"]
[BlackElo "2317"]
[PlyCount "69"]
[EventDate "2004.06.15"]
[EventType "tourn"]
[EventRounds "9"]
[EventCountry "BRA"]
[EventCategory "5"]
[SourceTitle "CBM 100 Extra"]
[Source "ChessBase"]
[SourceDate "2004.07.06"]
[SourceVersion "2"]
[SourceVersionDate "2004.07.06"]
[SourceQuality "1"]

1. e4 e5 2. Nf3 Nc6 3. Bc4 Bc5 4. c3 Nf6 5. d3 a6 6. Bb3 Ba7 7. h3 d6 8. Nbd2
h6 9. Nf1 Ne7 10. Ng3 c6 11. d4 Qc7 12. Be3 Ng6 13. O-O O-O 14. Qd2 Kh7 15.
Rad1 Be6 16. Bc2 Rad8 17. Nf5 Bxf5 18. exf5 Ne7 19. Nh2 Ned5 20. dxe5 Nxe3 21.
exf6 Rfe8 22. fxg7 f6 23. g8=B+ Kxg8 24. Ng4 Nxg4 25. hxg4 Kh7 26. Rfe1 d5 27.
Re6 Rf8 28. Rde1 Rd7 29. Kh1 Rg7 30. g3 Rff7 31. Kg2 Rxg4 32. Rh1 Rg5 33. Qxg5
fxg5 34. Rexh6+ Kg8 35. f6 1-0

[Event "Sao Paulo Communic 6th"]
[Site "Sao Paulo"]
[Date "2004.06.17"]
[Round "3"]
[White "Fier, Alexandr"]
[Black "Rodriguez Vila, Andres"]
[Result "0-1"]
[WhiteElo "2258"]
[BlackElo "2556"]
[PlyCount "86"]
[EventDate "2004.06.15"]
[EventType "tourn"]
[EventRounds "9"]
[EventCountry "BRA"]
[EventCategory "5"]
[SourceTitle "CBM 100 Extra"]
[Source "ChessBase"]
[SourceDate "2004.07.06"]
[SourceVersion "2"]
[SourceVersionDate "2004.07.06"]
[SourceQuality "1"]

1. e4 e6 2. Nf3 d5 3. e5 c5 4. b4 cxb4 5. a3 Nc6 6. axb4 Bxb4 7. c3 Ba5 8. d4
f5 9. g4 fxg4 10. Ng5 h6 11. Qxg4 hxg5 12. Bxg5 Qb6 13. Bd2 Nge7 14. Bd3 Qb2
15. Ra3 Bd7 16. Qxg7 O-O-O 17. Rxa5 Nf5 18. Rb5 Qxd2+ 19. Nxd2 Nxg7 20. h4 Nh5
21. Rb1 Nf4 22. Bf1 Be8 23. f3 Ne7 24. Nb3 Nf5 25. Nc5 b6 26. Ba6+ Kc7 27. Kd2
Rxh4 28. Rxh4 Nxh4 29. Nb7 Bg6 30. Ra1 Rf8 31. Nd6 Nxf3+ 32. Kc1 Rh8 33. Kb2
Rh2+ 34. Kb3 Nd2+ 35. Kb4 Nd3+ 36. Bxd3 a5+ 37. Ka4 Bxd3 38. Rg1 Ne4 39. Nb5+
Kc6 40. Na3 Nxc3+ 41. Kb3 Ne2 42. Rg7 Nxd4+ 43. Ka4 Rb2 0-1

[Event "Sao Paulo Communic 6th"]
[Site "Sao Paulo"]
[Date "2004.06.18"]
[Round "4"]
[White "Rodriguez Vila, Andres"]
[Black "Marrero Lopez, Yaniet"]
[Result "1-0"]
[WhiteElo "2556"]
[BlackElo "2271"]
[PlyCount "105"]
[EventDate "2004.06.15"]
[EventType "tourn"]
[EventRounds "9"]
[EventCountry "BRA"]
[EventCategory "5"]
[SourceTitle "CBM 100 Extra"]
[Source "ChessBase"]
[SourceDate "2004.07.06"]
[SourceVersion "2"]
[SourceVersionDate "2004.07.06"]
[SourceQuality "1"]

1. e4 e5 2. Nf3 Nc6 3. Bc4 Nf6 4. d3 Be7 5. O-O O-O 6. Re1 d6 7. c3 Na5 8. Bb5
a6 9. Ba4 b5 10. Bc2 c5 11. Nbd2 Re8 12. Nf1 h6 13. d4 cxd4 14. cxd4 exd4 15.
Nxd4 Bb7 16. Ng3 Bf8 17. b3 Nc6 18. Bb2 Nb4 19. Bb1 Rc8 20. Ndf5 Re6 21. Re3
Rc7 22. h3 Qc8 23. Nxg7 Bxg7 24. Nf5 Nc2 25. Rg3 Nxa1 26. Rxg7+ Kf8 27. Qd2
Nxe4 28. Rh7 Ke8 29. Bxe4 Bxe4 30. Rh8+ Kd7 31. Rxc8 Rxc8 32. Nd4 Rg6 33. f3
Bxf3 34. Nxf3 Rc2 35. Qd5 Rgxg2+ 36. Kh1 Rgf2 37. Qxf7+ Kc6 38. Qe8+ Kb7 39.
Qe7+ Kc8 40. Qf8+ Kc7 41. Qg7+ Kb8 42. Bd4 Rf1+ 43. Bg1 Rcc1 44. Qa7+ Kc8 45.
Qxa6+ Kd8 46. Qxd6+ Kc8 47. Qe6+ Kb7 48. Qd7+ Kb8 49. Kg2 Rfd1 50. Bh2+ Ka8 51.
Qe8+ Kb7 52. Qb8+ Kc6 53. Nd4+ 1-0

[Event "Sao Paulo Communic 6th"]
[Site "Sao Paulo"]
[Date "2004.06.20"]
[Round "7"]
[White "Rodriguez Vila, Andres"]
[Black "Santos, Marcus Vinicius M"]
[Result "1-0"]
[WhiteElo "2556"]
[BlackElo "2305"]
[PlyCount "69"]
[EventDate "2004.06.15"]
[EventType "tourn"]
[EventRounds "9"]
[EventCountry "BRA"]
[EventCategory "5"]
[SourceTitle "CBM 100 Extra"]
[Source "ChessBase"]
[SourceDate "2004.07.06"]
[SourceVersion "2"]
[SourceVersionDate "2004.07.06"]
[SourceQuality "1"]

1. e4 e5 2. Nf3 Nc6 3. Bc4 Nf6 4. d3 Be7 5. O-O O-O 6. Re1 d6 7. c3 Na5 8. Bb5
a6 9. Ba4 b5 10. Bc2 c5 11. Nbd2 Nc6 12. Nf1 Re8 13. h3 h6 14. d4 cxd4 15. cxd4
exd4 16. Nxd4 Nxd4 17. Qxd4 Bb7 18. Qd3 Bf8 19. Ng3 g6 20. Bf4 Rc8 21. Rad1 Nd7
22. Qd2 Ne5 23. Bb3 Qh4 24. Nf1 Nc4 25. Bxc4 Rxc4 26. f3 d5 27. Bg3 Qh5 28.
exd5 Rxe1 29. Bxe1 Bb4 30. Qe2 Bc5+ 31. Kh1 Bxd5 32. Bc3 Bf8 33. Ne3 Rxc3 34.
Nxd5 Rc6 35. Qe8 1-0

[Event "Sao Paulo Communic 6th"]
[Site "Sao Paulo"]
[Date "2004.06.21"]
[Round "8"]
[White "Frenklakh, Valery"]
[Black "Rodriguez Vila, Andres"]
[Result "0-1"]
[WhiteElo "2280"]
[BlackElo "2556"]
[PlyCount "56"]
[EventDate "2004.06.15"]
[EventType "tourn"]
[EventRounds "9"]
[EventCountry "BRA"]
[EventCategory "5"]
[SourceTitle "CBM 100 Extra"]
[Source "ChessBase"]
[SourceDate "2004.07.06"]
[SourceVersion "2"]
[SourceVersionDate "2004.07.06"]
[SourceQuality "1"]

1. d4 f5 2. Nc3 d5 3. Bf4 Nf6 4. e3 e6 5. Nb1 Be7 6. Nf3 O-O 7. Bd3 Ne4 8. O-O
g5 9. Be5 Nc6 10. h3 h5 11. Bh2 g4 12. Ne5 Nxe5 13. Bxe5 Bd6 14. Bxd6 cxd6 15.
Bxe4 dxe4 16. g3 h4 17. hxg4 Qg5 18. Qe2 Bd7 19. Kg2 fxg4 20. gxh4 Qg6 21. Rg1
Rf6 22. Nc3 Raf8 23. Nd1 Kh7 24. Kf1 g3 25. Rg2 e5 26. Ke1 gxf2+ 27. Rxf2 Qg3
28. a4 Bg4 0-1

[Event "Sao Paulo Communic 6th"]
[Site "Sao Paulo"]
[Date "2004.06.22"]
[Round "9"]
[White "Rodriguez Vila, Andres"]
[Black "Aranha Filho, Alvaro Zimmermann"]
[Result "1-0"]
[WhiteElo "2556"]
[BlackElo "2287"]
[PlyCount "53"]
[EventDate "2004.06.15"]
[EventType "tourn"]
[EventRounds "9"]
[EventCountry "BRA"]
[EventCategory "5"]
[SourceTitle "CBM 100 Extra"]
[Source "ChessBase"]
[SourceDate "2004.07.06"]
[SourceVersion "2"]
[SourceVersionDate "2004.07.06"]
[SourceQuality "1"]

1. e4 e5 2. f4 exf4 3. Nf3 Ne7 4. Nc3 d5 5. d4 dxe4 6. Nxe4 Ng6 7. h4 Qe7 8.
Qe2 h5 9. Bd2 Bg4 10. O-O-O Nd7 11. Re1 O-O-O 12. Qf2 Nb6 13. Bd3 Qe6 14. Kb1
Qd5 15. Nc3 Qc6 16. Ng5 Qd7 17. d5 a6 18. Bxg6 fxg6 19. Bxf4 Bb4 20. Re4 Be7
21. Nf7 Bf5 22. d6 Bxh4 23. Rxh4 Bxe4 24. Nxd8 Qf5 25. dxc7 g5 26. Nxe4 Qxe4
27. Bxg5 1-0